Statistiche per Province italiane per minore Superficie

Clicka qui per fare il quiz!

Statistiche generali

  • Questo quiz è stato fatto 5 volte
  • Il punteggio medio è 13 su 15

Statistiche sulle risposte

Superficie (km²)Provincia% Corretto
475,40Gorizia
100%
782,97Lodi
100%
405,41Monza e Brianza
100%
964,16Pistoia
100%
365,66Prato
100%
212,50Trieste
100%
913,27Biella
80%
862,75Fermo
80%
1 154,76Imperia
80%
881,38La Spezia
80%
805,60Lecco
80%
921,90Rimini
80%
1 150,62Vibo Valentia
80%
1 154,60Massa-Carrara
60%
1 178,94Napoli
40%

Distribuzione punteggi

Percentile per numero di risposta

Percentuale di utenti per punteggio

I tuoi punteggi nel tempo

Non hai fatto questo quiz